000 00266nam a2200109 a 4500
005 20140414132001.0
008 110212s19uu xx 00 eng d
050 _aTR
_bT14 2001
100 _aBlyton, Enid
245 _aThe tale of Flop and Whiskers.
999 _c113062
_d113062